[Event "St Denis op 21st"]
[Site "St Denis"]
[Date "2019.10.20"]
[Round "8"]
[White "Alex Geerjanan, Nils"]
[Black "Gallais, Flavien"]
[Result "0-1"]
[WhiteElo "1009"]
[BlackElo "1236"]
[PlyCount "110"]
[EventDate "2019.10.20"]
[EventType "swiss"]
[EventRounds "9"]
[EventCountry "RUF"]
[SourceTitle "CBM 192 Extra"]
[Source "Chessbase"]
[SourceDate "2019.11.06"]
[SourceVersion "1"]
[SourceVersionDate "2019.11.06"]
[SourceQuality "1"]

1. e4 e5 2. Nf3 Nc6 3. Bc4 Bc5 4. c3 d6 5. d4 Bb6 6. 0-0 Bg4 7. h3 Bxf3 8. Qxf3 Qf6 9. Nd2 exd4 10. cxd4 Nxd4 11. Qxf6 Nxf6 12. b3 Nc2 13. Rb1 0-0 14. Bb2 Bd4 15. Nf3 Bxb2 16. Rxb2 Nb4 17. Ng5 h6 18. Nf3 Rfe8 19. Re1 d5 20. exd5 Rxe1+ 21. Nxe1 Nfxd5 22. a3 b5 23. Bxb5 Nc3 24. Bc4 Nc6 25. Nd3 a5 26. Nc5 Nd4 27. Kf1 Ndb5 28. a4 Rd8 29. g3 Na3 30. Nd3 Nxc4 31. bxc4 Rxd3 32. Rb8+ Kh7 33. Rb7 c5 34. Rxf7 Nxa4 35. Ra7 Rd4 36. Rxa5 Rxc4 37. Ke2 Nb6 38. Kd3 Rd4+ 39. Kc3 Nd5+ 40. Kb3 c4+ 41. Kc2 c3 42. Ra3 Rd2+ 43. Kb3 Rb2+ 44. Kc4 c2 45. Ra1 Rb1 46. Rxb1 cxb1Q 47. Kxd5 Qa2+ 48. Kd4 Qxf2+ 49. Ke5 Qxg3+ 50. Ke6 Qxh3+ 51. Kd5 Kg6 52. Kd6 Qf5 53. Ke7 Qe5+ 54. Kf8 h5 55. Kg8 Qe8# 0-1

[Event "St Denis op 21st"]
[Site "St Denis"]
[Date "2019.10.20"]
[Round "9"]
[White "Gallais, Flavien"]
[Black "Eboue, Yuri"]
[Result "0-1"]
[WhiteElo "1236"]
[BlackElo "1310"]
[PlyCount "80"]
[EventDate "2019.10.20"]
[EventType "swiss"]
[EventRounds "9"]
[EventCountry "RUF"]
[SourceTitle "CBM 192 Extra"]
[Source "Chessbase"]
[SourceDate "2019.11.06"]
[SourceVersion "1"]
[SourceVersionDate "2019.11.06"]
[SourceQuality "1"]

1. e4 c6 2. d4 d5 3. exd5 cxd5 4. Bd3 Nf6 5. c3 Bg4 6. Bb5+ Nc6 7. Nf3 e6 8. Bg5 Be7 9. Nbd2 a6 10. Ba4 Ne4 11. Bxe7 Qxe7 12. Qc2 Nxd2 13. Nxd2 Bf5 14. Bxc6+ bxc6 15. Qa4 Qc7 16. h3 0-0 17. 0-0 Rfc8 18. b4 Qf4 19. Nb3 Qg5 20. g4 Be4 21. Nc5 Bf3 22. Nd7 Qh4 23. Ne5 Qxh3 24. Nxf3 Qxf3 25. Rfe1 Qxg4+ 26. Kf1 Qh3+ 27. Ke2 Qxc3 28. Red1 a5 29. Rac1 axb4 30. Qxa8 Rxa8 31. Rxc3 bxc3 32. Kd3 Rxa2 33. Rb1 g6 34. Kxc3 Rxf2 35. Rb6 Rf1 36. Kd2 h5 37. Rxc6 h4 38. Rc3 Kg7 39. Ke2 Rf5 40. Rh3 g5 0-1